000 00464nam a2200181Ia 4500
001 9630
005 20260306161732.0
008 260306t2002||||xx |||||||||||||| ||spa||
041 _aESP
082 _a382.92
_bP54
100 _aPiérola Castro, Fernando
_eAUT
245 0 _aSolución de diferencias enla Organización Mundial de Comercio
260 _c2002
300 _a231 páginas :
_c20 cm.
650 _aGEN
654 _aCAN
942 _cLIB
_dJUS
_fJUS
_2ddc
_n
999 _c9630
_d9630